La Vacuna animale : su cultivo y préparacion / Instituto Vacunogeno Suizo de Lausanne su cultivo y préparacion / Instituto Vacunogeno Suizo de Lausanne

Publicado: Lausanne : Imp. J. Couchoud , 1898
Descripción Física: 11 p., 1 f. solt : il. ; 21 cm
Materias: Vacunació

MARC

LEADER 00000nam a2200000Ia 4500
001 23137
003 BGR
005 20260410113651.0
008 160829s1898 xx 000 0 cat d
080 |a RF-16-46 
110 2 |a Instituto Vacunogeno Suizo  |9 71150 
245 |a La Vacuna animale :  |b  su cultivo y préparacion / Instituto Vacunogeno Suizo de Lausanne 
260 |a Lausanne :  |b Imp. J. Couchoud,  |c 1898 
300 |a 11 p., 1 f. solt :  |b  il. ;  |c 21 cm 
590 |a Prové de la caixeta de Casa de Caritat 1899, núm. 3122 
650 |a Vacunació  |9 45239 
856 4 |u https://media.diba.cat/diba/fitxers/arxiu/fulletons/bib_23137_1898_baixa.pdf  |y Accés lliure 
856 4 |u https://media.diba.cat/diba/fitxers/arxiu/fulletons/bib_23137_1898_baixa.pdf  |y Accés lliure 
900 |a bib_23137_1898_baixa.pdf 
901 |a Arxiu 
942 |n 1  |2 udc  |c MON 
952 |0 0  |1 0  |4 0  |6 RF1646  |7 1  |9 52473  |a Arxiu  |b Arxiu  |d 2016-12-01  |l 0  |o RF-16-46  |p 23137  |r 2016-12-01 00:00:00  |w 2016-12-01  |y ARXIU 
999 |c 56321  |d 56321